| 000 | 01511nam0a2200361 4500 | ||
|---|---|---|---|
| 001 | RU\NLR\BIBL_A\022315510 | ||
| 005 | 20260420014300.0 | ||
| 010 | _a978-5-8354-2009-4 | ||
| 021 |
_aRU _bКН-П-24-044172 _9КН-П-24-4396 |
||
| 035 | _a(NLR Aleph) 022315510 | ||
| 090 |
_a13664704 _c13664704 |
||
| 100 | _a20240906d2024 k y0rusy50 ca | ||
| 101 | 0 | _arus | |
| 102 | _aRU | ||
| 105 | _aa z 000yy | ||
| 181 | 0 |
_ai3 _baxxe |
|
| 182 | 0 | _an | |
| 200 | 1 |
_aАкадемический центр Татарии _e1920-е годы _eмонография _fГ. А. Валеева |
|
| 203 |
_aТекст _bвизуальный _cнепосредственный |
||
| 205 | _a2-е изд., доп. | ||
| 210 |
_aМосква _cСтатут _d2024 |
||
| 215 |
_a175 с. _cил., табл. _d22 |
||
| 320 | _aБиблиогр. в подстроч. примеч. | ||
| 601 | 0 | 1 |
_aТатарская АССР _bНародный комиссариат просвещения _bАкадемический центр _2nlr_sh2 _3RU\NLR\AUTH\6601747368 |
| 686 | 1 | _aЧ34(2Р-6Т)к211.3 | |
| 686 | 1 | _aЧ214(2Р-6Т)7 | |
| 700 | 1 |
_aВалеева _bГ. А. _gГузель Анваровна |
|
| 712 | 0 | 1 |
_4570 _aТатарская АССР _bНародный комиссариат просвещения _bАкадемический центр _9377992 _3RU\NLR\AUTH\8810246073 |
| 942 | _cBOOK | ||
| 980 | _aNB | ||